000 00902nam1a22002291i 4500
001 rc\4047342
005 20240724143320.0
035 _a(NLR Aleph) 007958141
090 _a8382350
_c8382350
100 _a20130415d1951 |||y0rusy50 ca
101 0 _arus
102 _aRU
105 _a z |||||
200 1 _aВосстановление мостов, труб и тоннелей на железных дорогах
_e[Учеб. пособие
_eВ 3 т.]
_eТ. 1-3
_fВоен.-трансп. акад. Учеб. отд.
210 _aЛенинград
_cБ. и.
_d1951
215 _a3 т.
_d22
300 _aПеред загл. авт.: С.В. Завацкий, проф. ген.-майор инж.-техн. службы
700 1 _aЗавацкий
_bС.В.
_gСергей Владимирович
801 0 _aRU
_bNLR
_gpsbo
801 1 _aRU
_bELAR
_2rusmarc
852 _aNLR
_j65-5/2447
942 _cBOOK